01718nam a2200253 a 4500003000900000005001700009007000300026008004100029040002500070082001400095110008600109245015900195260003700354300003600391505065300427650008201080650007401162651007601236700002601312700002901338700004301367700002801410700002601438DO-SdBNP20220802094942.0ta220726e2012 dr ao||frt||| 001 0 spa d aDO-SdBNPbspacBNPHU 4222bM533f2 aGabinete Social (República Dominicana)bSistema Único de Beneficiarios SIUBEN10aMemoria fotográfica del 2do. estudio socioeconómico de hogares pobres 2001-2012. /cEditor, Rosa Borg Gil; Fotografía, Nehemías Alvino...[et. al.] a[Santo Domingo] :bSIUBEN,c2012 a39 p. :bil., fotrgr. ;c25 cm. t1. Transparencia en la Selección de las Organizaciones de la Sociedad civil.--t2. Preparación Técnica para la Incorporación de la Tecnología con Dispositivo Móvil.--t3. Estrategia de Comunicación y Campaña de Sensibilización.--t4. Reclutamiento, Selección y Capacitación de los Entrevistadores y Técnico.--t5. Preparación Logística.--t6. Recolección de Información en los Hogares.--t7. Visitas de Organismos Internacionales.--t8. Centros de Revisión para Seguimiento y Control de la Calidad.--t9. Procesamiento y Análisis de la Información.--t10. Seguimiento y Evaluación al Desempeño del Estudio. 4aSistema Único de BeneficiariosxMemorias e informeszRepública Dominicana 4aInstituciones públicasxMemorias e informeszRepública Dominicana 4aRepública DominicanavAdministración PúblicaxMemorias E Informes1 a Borg Gil, Rosa eed.1 aAlvino, Nehemíasefot.1 aEspiritusanto, José Enríquezefot.1 aÁlvarez, Carlosefot.1 aPérez, Raúlefot.